000 00806nam a22002057a 4500
999 _c11656
_d11656
003 AR-CdUCM
008 190402b ||||| |||| 00| 0 spa d
020 _a980-275-071-9
040 _aMUNICIPALIDAD PROVINCIAL DEL CUSCO
_cBIBLIOTECA MUNICIPAL DEL CUSCO
082 _aEP / 372.036 /
_bEN56
110 _aSantillana
_918102
245 _aEnciclopedia Santillana :
_bQuinto grado de educación primaria /
260 _aPerú :
_bEditorial Santillana,
_c1987.
300 _a287 páginas ;
_c27 cm.
505 _aContenido :Aves del Perú -- Multiplicación y división -- El fruto -- América del sur -- El aparato digestivo y su funcionamiento -- Las culturas pre incas ...
650 _aEducación primaria
_91561
650 _aAmérica latina
_94491
942 _2ddc
_cLIBROS
945 _arum
_d04/04/2019